000 00300nam a22001337a 4500
008 181023b xxu||||| |||| 00| 0 eng d
020 _a9780495114475
041 _aeng
080 _211 ED
_a510
100 _a39
101 _aMAT
245 _aThe Nature Mathematics
_cSmithK/J
942 _2udc
_cBK
999 _c50754
_d50754